000 00920 a2200337 4500
005 20251001110217.0
008 251001b |||||||| |||| 00| 0 eng d
041 _aFr
044 _aCIV
090 _bDG/N/3092
100 _aDIESSONGO, Maimouna
110 _aCentre National de Recherche Agronomique
110 _bCote d'Ivoire
245 _aProcedure d'inventaire et de valorisation des stocks : cas de la station Robert Michaux
_b(Brevet de Technicien Superieur :option Finance Comptabilite et Gestion d'entreprises)
260 _aAbidjan
260 _bCNRA
260 _bLPCY
260 _cJuin 2025
302 _a36 p.
388 _a2025-10-01
650 _2AGROVOC
_gCNRA
650 _gBTS
650 _gFinance
650 _gComptabilite
650 _gProcedure
650 _gInventaire
650 _gValorisation
650 _gStock
650 _gStation
650 _gRobert Michaux
999 _c5981
_d5981